000
00211nam a22000977a 4500
999
_c
15772
_d
15772
003
OSt
008
191015b ||||| |||| 00| 0 eng d
100
_a
Uroob
_9
4296
245
_a
Kunjammayum koottukarum
942
_c
BK